00399nam a22001451a 4500020000900000040002600009050002000035245005300055260004300108300001200151500001500163600004500178600002700223852000300250 c0.00 aNEGST Library - Kenya aBS 325.C43 1950 aNrumi ya iruva ya Nsia : ileendwa ni nndh[Text] aLondonbBritish and Foreign Biblc1950 a245 p.; a[Africana] aBible. The four Gospels . Chaga languag aChaga language - Texts